| 000 | 00669nab a2200229 a 4500 | ||
|---|---|---|---|
| 001 | 62491 | ||
| 003 | 134875 | ||
| 005 | 20201118105935.0 | ||
| 008 | ||||||n9999 ||| || || | ||
| 041 | _aspa | ||
| 100 | _aPernett Garcia, Erick | ||
| 245 | 0 |
_aLa globalizacion : _bmitos y realidades pp.7-21 |
|
| 260 |
_aBogotá : _bUniversidad Cooperativa de Colombia, _c1998. |
||
| 562 | _e0 | ||
| 650 | _aANALISIS CONCEPTUAL | ||
| 650 | _aDESARROLLO ECONÓMICO Y SOCIAL | ||
| 650 | _aEVOLUCIÓN HISTÓRICA | ||
| 650 | _aGLOBALIZACIÓN | ||
| 650 | _aSISTEMAS ECONÓMICOS | ||
| 773 |
_061638 _aRevista Universidad Cooperativa de Colombia - No.69 |
||
| 942 | _cSART | ||
| 999 |
_c62491 _d62491 |
||